00355nam a2200133Ia 4500100003100000650001700031366000700048654002400055245008000079260001600159082001500175300000800190546002300198 aMohanty/R.P/ Deshmukh/S.G  aSupply Chain f25 aindian case studies aIndian case studies in supply chain management and other learning resources bWileyc2005 a658.7bMOH a122 aENGLISHcInfo.Tech